Loading...
| Any History | 0 | 10 | 0 | 2 | 100 | 14 | 101.90 | 3 | 5 |
| History - American History | 0 | 7 | 0 | 3 | 70 | 60 | 106.57 | 1 | 2 |
| History - European History | 0 | 7 | 2 | 0 | 60 | 46 | 97.29 | 1 | 2 |
| History - World History | 0 | 5 | 1 | 1 | 45 | 108 | 124.20 | 0 | 0 |
| Literature - European Literature | 0 | 3 | 1 | 1 | 25 | 104 | 121.33 | 0 | 0 |
| Other Academic | 0 | 2 | 0 | 1 | 20 | 81 | 109.50 | 0 | 1 |
| Geography | 0 | 2 | 0 | 1 | 20 | 124 | 135.00 | 0 | 0 |
| Painting & Sculpture | 0 | 2 | 1 | 0 | 15 | 106 | 110.00 | 0 | 0 |
| Religion | 0 | 2 | 1 | 0 | 15 | 48 | 83.50 | 1 | 1 |
| Literature - British Literature | 0 | 1 | 0 | 0 | 10 | 80 | 80.00 | 0 | 1 |
| Fine Arts - Classical Music | 0 | 1 | 0 | 0 | 10 | 125 | 125.00 | 0 | 0 |
| Current Events | 0 | 1 | 0 | 0 | 10 | 106 | 106.00 | 0 | 0 |
| Fine Arts - Other Fine Arts | 0 | 1 | 1 | 1 | 5 | 140 | 140.00 | 0 | 0 |